MyGZULibrary

Economics and development studies / (Record no. 3579)

MARC details
000 -LEADER
fixed length control field 01049cam a2200313 a 4500
001 - CONTROL NUMBER
control field 16073859
003 - CONTROL NUMBER IDENTIFIER
control field GZU
005 - DATE AND TIME OF LATEST TRANSACTION
control field 20201202120125.0
008 - FIXED-LENGTH DATA ELEMENTS--GENERAL INFORMATION
fixed length control field 100128s2010 enka b 001 0 eng
010 ## - LIBRARY OF CONGRESS CONTROL NUMBER
LC control number 2010002733
020 ## - INTERNATIONAL STANDARD BOOK NUMBER
International Standard Book Number )
020 ## - INTERNATIONAL STANDARD BOOK NUMBER
International Standard Book Number 9780415450386 (pbk.)
040 ## - CATALOGING SOURCE
Original cataloging agency DLC
Transcribing agency DLC
Modifying agency DLC
042 ## - AUTHENTICATION CODE
Authentication code pcc
050 00 - LIBRARY OF CONGRESS CALL NUMBER
Classification number HD77
Item number .TRI 2010
082 00 - DEWEY DECIMAL CLASSIFICATION NUMBER
Classification number 338.9
Edition number 22
100 1# - MAIN ENTRY--PERSONAL NAME
Personal name Tribe, Michael A.,
Dates associated with a name 1943-
245 10 - TITLE STATEMENT
Title Economics and development studies /
Statement of responsibility, etc. Michael Tribe, Frederick Nixon, and Andy Sumner.
260 ## - PUBLICATION, DISTRIBUTION, ETC.
Place of publication, distribution, etc. London ;
-- New York, NY :
Name of publisher, distributor, etc. Routledge,
Date of publication, distribution, etc. 2010.
300 ## - PHYSICAL DESCRIPTION
Extent xxi, 288 p. :
Other physical details ill. ;
Dimensions 24 cm.
504 ## - BIBLIOGRAPHY, ETC. NOTE
Bibliography, etc. note Includes bibliographical references (p. [243]-269) and index.
650 #0 - SUBJECT ADDED ENTRY--TOPICAL TERM
Topical term or geographic name entry element Economic development.
650 #0 - SUBJECT ADDED ENTRY--TOPICAL TERM
Topical term or geographic name entry element Economic development
General subdivision Research.
700 1# - ADDED ENTRY--PERSONAL NAME
Personal name Nixon, Frederick.
700 1# - ADDED ENTRY--PERSONAL NAME
Personal name Sumner, Andrew,
Dates associated with a name 1973-
906 ## - LOCAL DATA ELEMENT F, LDF (RLIN)
a 7
b cbc
c orignew
d 1
e ecip
f 20
g y-gencatlg
942 ## - ADDED ENTRY ELEMENTS (KOHA)
Source of classification or shelving scheme Library of Congress Classification
Koha item type Books
Classification part 77
Item part TRI
Call number prefix HD
Holdings
Withdrawn status Lost status Damaged status Not for loan Collection code Home library Current library Shelving location Date acquired Total Checkouts Full call number Barcode Date last seen Copy number Price effective from Koha item type Inventory number
        Non-fiction City Campus Library City Campus Library General Stacks 12/02/2020   HD 77 TRI 2010 026973 12/02/2020 c.1 12/02/2020 Books  
        Non-fiction City Campus Library City Campus Library General Stacks 04/27/2021   HD 77 TRI 2010 031389 04/27/2021 c.2 04/27/2021 Books  
        Non-fiction Mashava Campus Library Mashava Campus Library General Stacks 05/03/2021   HD77 TRI 2010 010108 05/03/2021 c-3 05/03/2021 Books 14143
        Non-fiction Mashava Campus Library Mashava Campus Library General Stacks 05/03/2021   HD77 TRI 2010 026974 05/03/2021 c-4 05/03/2021 Books